000
00285nam a2200121Ia 4500
008
220204s9999 xx 000 0 und d
082
_a
338.26
_b
FIL
100
_a
FILDERS, R
245
0
_a
Forecasting and planning
260
_a
England
_b
Saxon
_c
1978
700
_a
WOOD, D
942
_c
BK
999
_c
36008
_d
36008